Match 'Em Up: Biopic Subjects II Quiz Stats

Quiz Updated Jul 16, 2016

Challenge
Share
Tweet
Score 0/20 Timer 07:00
6 Plays Today
% Correct
Meryl Streep
96.2%
Jesse Eisenberg
93%
Leonardo DiCaprio
89.9%
Morgan Freeman
86.1%
Forest Whitaker
84.9%
Charlize Theron
82.8%
Tom Hanks
82.1%
Johnny Depp
74.7%
Kevin Costner
74.5%
Adrien Brody
72.5%
% Correct
Denzel Washington
66.9%
Quinton Aaron
66.5%
John Hurt
63.6%
Ben Affleck
62%
Daniel Day-Lewis
54.5%
Martin Landau
52%
Gary Oldman
36.7%
Viggo Mortensen
30.3%
Paul Giamatti
29.3%
Michael Fassbender
25%

You're not logged in!

Compare scores with friends on all Sporcle quizzes.
Join for Free
OR
Log In

You Might Also Like...

Show Comments

Extras

Top Quizzes Today


Score Distribution

Your Account Isn't Verified!

In order to create a playlist on Sporcle, you need to verify the email address you used during registration. Go to your Sporcle Settings to finish the process.

Report this User

Report this user for behavior that violates our Community Guidelines.

Details: